| 000 | 00492nam a22001577a 4500 | ||
|---|---|---|---|
| 003 | OSt | ||
| 005 | 20260421083126.0 | ||
| 008 | 260421b |||||||| |||| 00| 0 eng d | ||
| 040 |
_aDWCL-Main lib _cOC |
||
| 082 | _aCirc. 201.07 M186s 1975 | ||
| 100 | _aMchugh, Peter | ||
| 245 |
_aThe spiritual of our society : _ba theological appreciation/ _cMchugh, Peter |
||
| 260 |
_aPhilippines : _bS.V.D. Manila province, _cc1975. |
||
| 300 |
_a214 pages. ; _c23 cm. |
||
| 942 |
_2ddc _cBK-CIRC _hCirc. _n0 |
||
| 999 |
_c9609 _d9609 |
||